Loading...
| Science - Physics | 0 | 4 | 0 | 1 | 40 | 35 | 67.00 | 0 | 2 |
| History - American History | 0 | 4 | 0 | 1 | 40 | 10 | 64.25 | 1 | 1 |
| Science - Chemistry | 0 | 4 | 0 | 0 | 40 | 66 | 81.75 | 0 | 1 |
| Social Science | 0 | 3 | 0 | 0 | 30 | 44 | 73.00 | 0 | 1 |
| Philosophy | 0 | 3 | 0 | 0 | 30 | 74 | 88.33 | 0 | 0 |
| Pop Culture | 0 | 3 | 0 | 0 | 30 | 44 | 53.00 | 0 | 1 |
| Religion | 0 | 3 | 0 | 1 | 30 | 58 | 92.67 | 0 | 1 |
| Fine Arts - Other Fine Arts | 0 | 3 | 2 | 0 | 20 | 52 | 63.00 | 1 | 2 |
| Science - Biology | 0 | 2 | 0 | 0 | 20 | 65 | 77.00 | 0 | 1 |
| Literature - American Literature | 0 | 2 | 0 | 1 | 20 | 95 | 106.00 | 0 | 0 |
| Literature - British Literature | 0 | 2 | 0 | 0 | 20 | 71 | 93.50 | 0 | 0 |
| Science - Other Science | 0 | 2 | 1 | 0 | 15 | 52 | 75.50 | 0 | 0 |
| Current Events | 0 | 1 | 0 | 0 | 10 | 106 | 106.00 | 0 | 0 |
| Geography | 0 | 1 | 0 | 0 | 10 | 105 | 105.00 | 0 | 0 |
| History - European History | 0 | 1 | 0 | 0 | 10 | 79 | 79.00 | 0 | 0 |
| History - Other History | 0 | 1 | 0 | 1 | 10 | 118 | 118.00 | 0 | 0 |
| History - World History | 0 | 1 | 0 | 0 | 10 | 18 | 18.00 | 1 | 1 |
| Mythology | 0 | 1 | 0 | 0 | 10 | 82 | 82.00 | 0 | 0 |
| Painting/Sculpture | 0 | 1 | 0 | 0 | 10 | 107 | 107.00 | 0 | 1 |
| Literature - World Literature | 0 | 1 | 1 | 0 | 5 | 75 | 75.00 | 0 | 0 |
| Fine Arts - Classical Music | 0 | 1 | 3 | 0 | -5 | 79 | 79.00 | 0 | 0 |